[Event "NOR-chT 1617"]
[Site "Norway"]
[Date "2016.10.28"]
[Round "1.4"]
[White "Djurhuus, Eivind X"]
[Black "Holm, Kristian Stuvik"]
[Result "0-1"]
[WhiteElo "2127"]
[BlackElo "2413"]
[PlyCount "60"]
[EventDate "2016.10.28"]
[EventType "team-tourn"]
[EventRounds "9"]
[EventCountry "NOR"]
[SourceTitle "EXT 2018"]
[Source "ChessBase"]
[SourceDate "2017.10.13"]
[SourceVersion "1"]
[SourceVersionDate "2017.10.13"]
[SourceQuality "1"]
[WhiteTeam "Nordstrand"]
[BlackTeam "Valerenga"]
[WhiteTeamCountry "NOR"]
[BlackTeamCountry "NOR"]

1. Nf3 g6 2. c4 Bg7 3. Nc3 c5 4. g3 Nc6 5. Bg2 d6 6. 0-0 e6 7. d3 Nge7 8. Bg5 h6 9. Bd2 0-0 10. a3 d5 11. Rb1 dxc4 12. dxc4 e5 13. b4 cxb4 14. axb4 Be6 15. c5 f5 16. b5 Na5 17. e4 Nc4 18. Qe2 Qc8 19. Na4 fxe4 20. Ne1 Nxd2 21. Qxd2 Bc4 22. Bxe4 Bxf1 23. Kxf1 Qe6 24. Qc2 Rad8 25. Bxb7 Rd4 26. Rc1 e4 27. Ng2 e3 28. Nf4 Rfxf4 29. gxf4 Rd2 30. Qc4 e2+ 0-1

[Event "Oslo op"]
[Site "Fornebu"]
[Date "2016.10.03"]
[Round "4"]
[White "Byrne, Alex"]
[Black "Djurhuus, Eivind X"]
[Result "0-1"]
[WhiteElo "1955"]
[BlackElo "2127"]
[PlyCount "124"]
[EventDate "2016.09.30"]
[EventType "swiss"]
[EventRounds "9"]
[EventCountry "NOR"]
[SourceTitle "EXT 2017"]
[Source "ChessBase"]
[SourceDate "2016.10.25"]
[SourceVersion "1"]
[SourceVersionDate "2016.10.25"]
[SourceQuality "1"]

1. e4 e6 2. d4 d5 3. Nd2 Nf6 4. e5 Nfd7 5. Bd3 c5 6. c3 Nc6 7. Ne2 cxd4 8. cxd4 f6 9. exf6 Nxf6 10. Nf3 Bd6 11. 0-0 Qc7 12. Re1 0-0 13. Ng3 Bd7 14. Bg5 h6 15. Bd2 Ng4 16. Rc1 Qb6 17. Qb3 Qxb3 18. axb3 e5 19. dxe5 Ncxe5 20. Nxe5 Bxe5 21. Bc3 Bxc3 22. Rxc3 Nxf2 23. Re7 Bc6 24. Bf5 Ne4 25. Be6+ Kh8 26. Nxe4 dxe4 27. Rg3 Rad8 28. h4 Rfe8 29. Rgxg7 Rxe7 30. Rxe7 Rd1+ 31. Kf2 Rd2+ 32. Ke3 Rxg2 33. Bf5 Rxb2 34. Rh7+ Kg8 35. Rxh6 Rxb3+ 36. Kd2 Rf3 37. Be6+ Kg7 38. Rh5 Kf6 39. Bc4 Rh3 40. Be2 Kg6 41. Rg5+ Kf6 42. Rh5 a6 43. Bxa6 e3+ 44. Ke1 Bf3 45. Rh6+ Kg7 46. Re6 Rh1+ 47. Bf1 e2 48. Rxe2 Bxe2 49. Kxe2 Rxh4 50. Kd2 Kf6 51. Kc3 Ke5 52. Bc4 Kd6 53. Bb3 Kc5 54. Bc2 Rh3+ 55. Kb2 b5 56. Bb3 Kb4 57. Bc2 Rh2 58. Kb1 Kc3 59. Be4 b4 60. Ka1 b3 61. Bb1 b2+ 62. Ka2 Rh5 0-1

[Event "Oslo op"]
[Site "Fornebu"]
[Date "2016.10.02"]
[Round "3"]
[White "Djurhuus, Eivind X"]
[Black "Krupenski, Juri"]
[Result "0-1"]
[WhiteElo "2127"]
[BlackElo "2423"]
[PlyCount "74"]
[EventDate "2016.09.30"]
[EventType "swiss"]
[EventRounds "9"]
[EventCountry "NOR"]
[SourceTitle "EXT 2017"]
[Source "ChessBase"]
[SourceDate "2016.10.25"]
[SourceVersion "1"]
[SourceVersionDate "2016.10.25"]
[SourceQuality "1"]

1. c4 Nf6 2. g3 e6 3. Bg2 a6 4. Nf3 b5 5. b3 c5 6. 0-0 Bb7 7. Na3 Qb6 8. e3 Be7 9. d4 0-0 10. Qe2 d5 11. Bb2 Nbd7 12. Rfd1 dxc4 13. bxc4 b4 14. Nc2 a5 15. Rab1 Rac8 16. Ne5 Bxg2 17. Kxg2 cxd4 18. exd4 Nxe5 19. dxe5 Qc6+ 20. Qf3 Ng4 21. Ne1 f6 22. Qxc6 Rxc6 23. Rd7 Rf7 24. exf6 Bxf6 25. Rxf7 Kxf7 26. Bxf6 gxf6 27. Rc1 Ne5 28. c5 Nd7 29. Nd3 e5 30. Rd1 Ke6 31. Rc1 f5 32. f3 Rc7 33. c6 Nb8 34. Rc5 Nxc6 35. Rb5 Kd6 36. Nb2 Nd4 37. Rb6+ Kd5 0-1

[Event "NOR-chT Elite qual"]
[Site "Oslo"]
[Date "2016.04.03"]
[Round "3.1"]
[White "Lillelokken, Kjell Arne"]
[Black "Djurhuus, Eivind X"]
[Result "1-0"]
[WhiteElo "2089"]
[BlackElo "2143"]
[PlyCount "93"]
[EventDate "2016.04.01"]
[EventType "team"]
[EventRounds "3"]
[EventCountry "NOR"]
[SourceTitle "CBM 171 Extra"]
[Source "ChessBase"]
[SourceDate "2016.04.26"]
[SourceVersion "1"]
[SourceVersionDate "2016.04.26"]
[SourceQuality "1"]
[WhiteTeam "Levanger"]
[BlackTeam "Nordstrand"]
[WhiteTeamCountry "NOR"]
[BlackTeamCountry "NOR"]

1. f4 c5 2. Nf3 Nc6 3. e3 g6 4. Be2 Bg7 5. 0-0 d6 6. d3 e5 7. Nc3 Nge7 8. e4 0-0 9. Be3 Nd4 10. Qd2 Rb8 11. Nd1 f5 12. fxe5 dxe5 13. Nxd4 cxd4 14. Bh6 f4 15. Bxg7 Kxg7 16. Nf2 h5 17. c3 Nc6 18. Rac1 Be6 19. Bd1 Rc8 20. Bb3 Bxb3 21. axb3 Qe7 22. b4 a6 23. Qd1 Qe6 24. Nh3 Kh6 25. Kh1 Rcd8 26. Ng1 Qd7 27. b5 axb5 28. c4 bxc4 29. Rxc4 Rc8 30. Nf3 Qe7 31. Qd2 b5 32. Rcc1 Kg7 33. Kg1 Rc7 34. Rc2 Rfc8 35. Rfc1 Nd8 36. h4 Nf7 37. Kh2 Kg8 38. Rxc7 Rxc7 39. Rxc7 Qxc7 40. Qb4 Qd7 41. Qc5 Qg4 42. Qxb5 g5 43. Qe8+ Kg7 44. Qxf7+ Kxf7 45. Nxe5+ Kf6 46. Nxg4+ hxg4 47. h5 1-0

[Event "Politiken Cup 37th"]
[Site "Helsingor"]
[Date "2015.08.02"]
[Round "10"]
[White "Haldorsen, Benjamin"]
[Black "Djurhuus, Eivind X"]
[Result "1/2-1/2"]
[WhiteElo "2302"]
[BlackElo "2149"]
[PlyCount "78"]
[EventDate "2015.07.25"]
[EventType "swiss"]
[EventRounds "10"]
[EventCountry "DEN"]
[SourceTitle "CBM 167 Extra"]
[Source "ChessBase"]
[SourceDate "2015.09.14"]
[SourceVersion "1"]
[SourceVersionDate "2015.09.14"]
[SourceQuality "1"]

1. e4 c5 2. Nf3 e6 3. Nc3 Nc6 4. d4 cxd4 5. Nxd4 Qc7 6. Be3 a6 7. Qd2 Nf6 8. 0-0-0 Be7 9. f3 b5 10. g4 Nxd4 11. Bxd4 Bb7 12. Kb1 0-0 13. h4 Rac8 14. g5 Nh5 15. Bh3 b4 16. Ne2 f5 17. gxf6 Bxf6 18. Bg4 Bxd4 19. Nxd4 Nf6 20. Rhg1 Qb6 21. h5 Rc7 22. Qg5 Rf7 23. h6 Rc5 24. Qe3 Re5 25. hxg7 Bxe4 26. Qh6 Bg6 27. b3 Rxg7 28. Qf4 Nxg4 29. Rxg4 Rc5 30. Qf6 Rf7 31. Rxg6+ hxg6 32. Qxg6+ Kf8 33. Qh6+ Ke8 34. Rg1 Qd6 35. Rg8+ Rf8 36. Qg6+ Kd8 37. Qf6+ Ke8 38. Qg6+ Kd8 39. Qf6+ Ke8 1/2-1/2

[Event "Politiken Cup 37th"]
[Site "Helsingor"]
[Date "2015.07.26"]
[Round "3"]
[White "Djurhuus, Eivind X"]
[Black "Skjoldager, Flemming"]
[Result "1-0"]
[WhiteElo "2149"]
[BlackElo "1944"]
[PlyCount "85"]
[EventDate "2015.07.25"]
[EventType "swiss"]
[EventRounds "10"]
[EventCountry "DEN"]
[SourceTitle "CBM 167 Extra"]
[Source "ChessBase"]
[SourceDate "2015.09.14"]
[SourceVersion "1"]
[SourceVersionDate "2015.09.14"]
[SourceQuality "1"]

1. e4 d5 2. exd5 Qxd5 3. Nc3 Qd6 4. d4 Nf6 5. Nge2 c6 6. g3 g6 7. Bg2 Bg7 8. Bf4 Qb4 9. Qd2 Nbd7 10. 0-0 a5 11. a3 Qb6 12. Na4 Qd8 13. c4 0-0 14. Rac1 Re8 15. Rfd1 Nb6 16. Nc5 e6 17. b3 Qe7 18. Nc3 Nbd7 19. b4 Qf8 20. N3e4 Nxe4 21. Nxe4 e5 22. dxe5 Nxe5 23. Nd6 Rd8 24. c5 Bg4 25. Re1 Nf3+ 26. Bxf3 Bxf3 27. Qe3 Bd5 28. Nxb7 Re8 29. Qd3 Rxe1+ 30. Rxe1 axb4 31. axb4 Qc8 32. Na5 Qh3 33. f3 Bf6 34. Be5 Re8 35. Bc3 Rxe1+ 36. Bxe1 Qe6 37. Bf2 Kg7 38. Kg2 h6 39. Nb7 Be5 40. Be1 Bc4 41. Qe3 Qf6 42. Nd6 Bxd6 43. Bc3 1-0

[Event "Politiken Cup 37th"]
[Site "Helsingor"]
[Date "2015.07.26"]
[Round "2"]
[White "Ragger, Markus"]
[Black "Djurhuus, Eivind X"]
[Result "1-0"]
[WhiteElo "2688"]
[BlackElo "2149"]
[PlyCount "59"]
[EventDate "2015.07.25"]
[EventType "swiss"]
[EventRounds "10"]
[EventCountry "DEN"]
[SourceTitle "CBM 167 Extra"]
[Source "ChessBase"]
[SourceDate "2015.09.14"]
[SourceVersion "1"]
[SourceVersionDate "2015.09.14"]
[SourceQuality "1"]

1. d4 Nf6 2. c4 e6 3. Nc3 Bb4 4. e3 0-0 5. Bd3 d5 6. Nf3 c5 7. 0-0 dxc4 8. Bxc4 b6 9. a3 cxd4 10. axb4 dxc3 11. bxc3 Qc7 12. Qb3 Bb7 13. Be2 Ng4 14. Rd1 Ne5 15. Nxe5 Qxe5 16. b5 Rc8 17. Ra4 Bd5 18. c4 Bb7 19. Bb2 Qg5 20. f3 Rd8 21. c5 Rxd1+ 22. Qxd1 Qxe3+ 23. Kf1 Qxc5 24. Rg4 f6 25. Bxf6 g6 26. Rc4 Qf8 27. Bb2 Qe7 28. Rd4 a6 29. Rd8+ Kf7 30. Qd4 1-0

[Event "NOR-ch"]
[Site "Oslo"]
[Date "2015.07.06"]
[Round "4"]
[White "Djurhuus, Eivind X"]
[Black "Djurhuus, Rune"]
[Result "0-1"]
[WhiteElo "2149"]
[BlackElo "2422"]
[PlyCount "90"]
[EventDate "2015.07.04"]
[EventType "swiss"]
[EventRounds "9"]
[EventCountry "NOR"]
[SourceTitle "CBM 167 Extra"]
[Source "ChessBase"]
[SourceDate "2015.09.14"]
[SourceVersion "1"]
[SourceVersionDate "2015.09.14"]
[SourceQuality "1"]

1. e4 c5 2. Nf3 d6 3. Bb5+ Nd7 4. 0-0 a6 5. Bd3 Ngf6 6. c3 e5 7. Bc2 Be7 8. d4 b5 9. d5 0-0 10. a4 Rb8 11. b3 Nh5 12. Re1 g6 13. Nbd2 Ng7 14. Nf1 f5 15. axb5 axb5 16. h3 f4 17. Bd2 g5 18. N3h2 h5 19. f3 Nf6 20. Qe2 Qe8 21. Ra7 Bd8 22. Rea1 Bb6 23. Ra8 Rxa8 24. Rxa8 c4+ 25. Kh1 Qg6 26. Bd1 g4 27. hxg4 hxg4 28. fxg4 Nxe4 29. Be1 Nf6 30. bxc4 bxc4 31. Qxc4 Bc5 32. Bf2 Bxf2 33. Rxc8 Rxc8 34. Qxc8+ Kh7 35. c4 Bc5 36. Qd8 Ne4 37. Qh4+ Qh6 38. Qxh6+ Kxh6 39. Bc2 Nf2+ 40. Kg1 Nxg4+ 41. Kh1 Nf2+ 42. Kg1 e4 43. Nd2 Nf5 44. Kf1 Ng3+ 45. Ke1 e3 0-1

[Event "NOR-ch"]
[Site "Oslo"]
[Date "2015.07.06"]
[Round "3"]
[White "Hole, Oystein"]
[Black "Djurhuus, Eivind X"]
[Result "1/2-1/2"]
[WhiteElo "2348"]
[BlackElo "2149"]
[PlyCount "47"]
[EventDate "2015.07.04"]
[EventType "swiss"]
[EventRounds "9"]
[EventCountry "NOR"]
[SourceTitle "CBM 167 Extra"]
[Source "ChessBase"]
[SourceDate "2015.09.14"]
[SourceVersion "1"]
[SourceVersionDate "2015.09.14"]
[SourceQuality "1"]

1. Nf3 c5 2. c4 Nc6 3. Nc3 g6 4. e3 Nf6 5. d4 cxd4 6. exd4 d5 7. cxd5 Nxd5 8. Qb3 e6 9. Bg5 Be7 10. Bxe7 Ndxe7 11. Rd1 0-0 12. Bb5 Qb6 13. 0-0 Rd8 14. h3 Bd7 15. Rfe1 Nf5 16. Ne4 Ncxd4 17. Nxd4 Nxd4 18. Qe3 Bxb5 19. Nf6+ Kf8 20. Qh6+ Ke7 21. Qg5 Kf8 22. Qh6+ Ke7 23. Qg5 Kf8 24. Qh6+ 1/2-1/2

[Event "Deltalift op"]
[Site "Tylosand"]
[Date "2015.05.16"]
[Round "7"]
[White "Djurhuus, Eivind X"]
[Black "Sagit, Rauan"]
[Result "0-1"]
[WhiteElo "2142"]
[BlackElo "2360"]
[PlyCount "58"]
[EventDate "2015.05.14"]
[EventType "swiss"]
[EventRounds "8"]
[EventCountry "SWE"]
[SourceTitle "CBM 166 Extra"]
[Source "ChessBase"]
[SourceDate "2015.06.18"]
[SourceVersion "1"]
[SourceVersionDate "2015.06.18"]
[SourceQuality "1"]

1. d4 f5 2. Nf3 Nf6 3. g3 g6 4. Bg2 Bg7 5. 0-0 0-0 6. b3 Ne4 7. Bb2 c5 8. Qc1 cxd4 9. Bxd4 Bxd4 10. Nxd4 Qb6 11. e3 Nc6 12. Qb2 Nxd4 13. exd4 d5 14. f4 Be6 15. a4 a5 16. Rd1 Rac8 17. Bf1 g5 18. Qc1 gxf4 19. gxf4 Rf6 20. Rd3 Rg6+ 21. Bg2 Kh8 22. Ra2 Qa6 23. Qd1 Qd6 24. Qf1 Rg4 25. Rf3 Qb6 26. Qd1 Bf7 27. h3 Rxg2+ 28. Kxg2 Bh5 29. Qe1 Rg8+ 0-1

[Event "Fagernes Norsk op-A"]
[Site "Fagernes"]
[Date "2015.03.31"]
[Round "4"]
[White "Holleland, Sigve"]
[Black "Djurhuus, Eivind X"]
[Result "1/2-1/2"]
[WhiteElo "1963"]
[BlackElo "2077"]
[PlyCount "113"]
[EventDate "2015.03.29"]
[EventType "swiss"]
[EventRounds "9"]
[EventCountry "NOR"]
[SourceTitle "CBM 165 Extra"]
[Source "ChessBase"]
[SourceDate "2015.04.21"]
[SourceVersion "1"]
[SourceVersionDate "2015.04.21"]
[SourceQuality "1"]

1. c4 Nf6 2. Nc3 e5 3. g3 d5 4. cxd5 Nxd5 5. Bg2 Nb6 6. e3 c5 7. Nge2 Be7 8. 0-0 0-0 9. d4 exd4 10. exd4 cxd4 11. Nxd4 Bf6 12. Ndb5 Nc6 13. Bf4 Qxd1 14. Raxd1 Bg4 15. Rc1 Be5 16. Bxe5 Nxe5 17. Bxb7 Rab8 18. Be4 Nbc4 19. f3 Bh3 20. Rf2 a6 21. Nc7 Nxb2 22. Nxa6 Nbd3 23. Nxb8 Nxc1 24. Nc6 Nxc6 25. Bxc6 Rc8 26. Nd5 Kf8 27. Nb4 Rb8 28. Rc2 Rxb4 29. Rxc1 Rb2 30. a4 Rg2+ 31. Kh1 Ra2 32. f4 g6 33. Kg1 Ke7 34. Rd1 h5 35. Re1+ Kd6 36. Be8 Be6 37. Rd1+ Ke7 38. Bb5 Bh3 39. Re1+ Kf6 40. Re2 Ra3 41. Kf2 Bg4 42. Rd2 Rf3+ 43. Kg2 Ra3 44. Bc6 Be6 45. Bb5 Bg4 46. Rd6+ Kg7 47. Rd3 Ra2+ 48. Kg1 Bh3 49. Bc6 Kf6 50. Re3 Rc2 51. Bd5 Rc1+ 52. Kf2 Ra1 53. Bc6 Ra2+ 54. Re2 Ra3 55. Rb2 Bg4 56. Ke1 Be6 57. Kf2 1/2-1/2

[Event "Reykjavik op"]
[Site "Reykjavik"]
[Date "2015.03.17"]
[Round "9"]
[White "Heimisson, Hilmir Freyr"]
[Black "Djurhuus, Eivind X"]
[Result "0-1"]
[WhiteElo "1861"]
[BlackElo "2077"]
[PlyCount "60"]
[EventDate "2015.03.10"]
[EventType "swiss"]
[EventRounds "10"]
[EventCountry "ISL"]
[SourceTitle "CBM 165 Extra"]
[Source "ChessBase"]
[SourceDate "2015.04.21"]
[SourceVersion "1"]
[SourceVersionDate "2015.04.21"]
[SourceQuality "1"]

1. d4 d5 2. c4 e6 3. Nf3 c6 4. Nc3 dxc4 5. Ne5 b5 6. e3 Bb7 7. a3 Nf6 8. Be2 Nbd7 9. f4 Qb6 10. 0-0 Be7 11. Qe1 c5 12. Qf2 0-0 13. b3 cxb3 14. Bxb5 cxd4 15. Nxd7 Nxd7 16. exd4 Nf6 17. Bd3 Ng4 18. Qg3 Qxd4+ 19. Kh1 Bc5 20. Bb2 Nf2+ 21. Rxf2 Qxf2 22. Qh3 f5 23. Na4 Qe3 24. Qh5 Qxd3 25. Bxg7 Kxg7 26. Rd1 Bxg2+ 27. Kxg2 Qe4+ 28. Kh3 Qxa4 29. Rc1 b2 30. Rxc5 Qxa3+ 0-1

[Event "NOR-chT 1415"]
[Site "Norway"]
[Date "2015.03.07"]
[Round "10.4"]
[White "Djurhuus, Eivind X"]
[Black "Trygstad, Kristian J"]
[Result "0-1"]
[WhiteElo "2111"]
[BlackElo "2195"]
[PlyCount "70"]
[EventDate "2014.10.31"]
[EventType "team-tourn"]
[EventRounds "11"]
[EventCountry "NOR"]
[SourceTitle "EXT 2016"]
[Source "ChessBase"]
[SourceDate "2015.10.08"]
[SourceVersion "1"]
[SourceVersionDate "2015.10.08"]
[SourceQuality "1"]
[WhiteTeam "Nordstrand"]
[BlackTeam "Oslo SK 1911"]
[WhiteTeamCountry "NOR"]
[BlackTeamCountry "NOR"]

1. d4 f5 2. Nf3 e6 3. g3 Nf6 4. Bg2 Be7 5. 0-0 0-0 6. c4 d6 7. Nc3 Ne4 8. Qc2 Nxc3 9. Qxc3 a5 10. Rd1 Qe8 11. Qc2 Nc6 12. e4 e5 13. dxe5 dxe5 14. exf5 Bxf5 15. Qe2 Qh5 16. h3 Bxh3 17. Bxh3 Qxh3 18. Rd5 Bd6 19. c5 Qe6 20. Qe4 Nb4 21. Rd1 Bxc5 22. Qxh7+ Kxh7 23. Ng5+ Kg8 24. Nxe6 Bxf2+ 25. Kg2 Rf6 26. Nxc7 Rc8 27. Rd7 Nc2 28. Rb1 Ne1+ 29. Kh3 Rf3 30. Kg4 Rcf8 31. Ne6 Rxg3+ 32. Kh5 Rh3+ 33. Kg4 Rh4+ 34. Kg5 Nf3+ 35. Kg6 Rf6# 0-1

[Event "NOR-chT 1415"]
[Site "Norway"]
[Date "2014.10.31"]
[Round "1.5"]
[White "Djurhuus, Eivind X"]
[Black "Christiansen, Johan Sebastian"]
[Result "0-1"]
[WhiteElo "2111"]
[BlackElo "2354"]
[PlyCount "68"]
[EventDate "2014.10.31"]
[EventType "team-tourn"]
[EventRounds "11"]
[EventCountry "NOR"]
[SourceTitle "EXT 2015"]
[Source "ChessBase"]
[SourceDate "2014.11.20"]
[SourceVersion "1"]
[SourceVersionDate "2014.11.20"]
[SourceQuality "1"]
[WhiteTeam "Nordstrand"]
[BlackTeam "Valerenga"]
[WhiteTeamCountry "NOR"]
[BlackTeamCountry "NOR"]

1. Nf3 d5 2. d4 Nf6 3. e3 e6 4. c4 dxc4 5. Bxc4 a6 6. 0-0 b5 7. Be2 Bb7 8. a4 b4 9. Nbd2 Be7 10. Ne5 Nbd7 11. Bf3 Nd5 12. Nxd7 Qxd7 13. Nb3 a5 14. e4 Nf6 15. Qc2 0-0 16. Rd1 Rfd8 17. Bf4 Bc6 18. Nc5 Bxc5 19. dxc5 Qe7 20. b3 h6 21. g3 e5 22. Be3 Qe6 23. Rxd8+ Rxd8 24. Rd1 Rxd1+ 25. Qxd1 Bxe4 26. Bxe4 Nxe4 27. Qd8+ Kh7 28. Qxc7 Nc3 29. c6 Qh3 30. f4 Ne2+ 31. Kf2 Qxh2+ 32. Kf3 Nc3 33. Bf2 e4+ 34. Kg4 h5+ 0-1

[Event "EU-ch U14 24th"]
[Site "Batumi"]
[Date "2014.10.24"]
[Round "6"]
[White "Mirzoyan, David"]
[Black "Djurhuus, Eivind X"]
[Result "1-0"]
[WhiteElo "1906"]
[BlackElo "2111"]
[PlyCount "113"]
[EventDate "2014.10.19"]
[EventType "swiss"]
[EventRounds "9"]
[EventCountry "GEO"]
[SourceTitle "EXT 2015"]
[Source "ChessBase"]
[SourceDate "2014.11.20"]
[SourceVersion "1"]
[SourceVersionDate "2014.11.20"]
[SourceQuality "1"]

1. Nf3 d5 2. g3 c6 3. Bg2 Bg4 4. b3 Nd7 5. Bb2 Ngf6 6. d3 e6 7. Nbd2 Be7 8. 0-0 0-0 9. h3 Bh5 10. e4 Bxf3 11. Bxf3 Qc7 12. Qe2 Bd6 13. Bg2 dxe4 14. dxe4 Be5 15. c3 Qb6 16. Nc4 Qa6 17. Qc2 Bc7 18. a4 Rfd8 19. Rfe1 b6 20. Ba3 Qc8 21. e5 Nd5 22. Nd6 Bxd6 23. Bxd6 Nc5 24. a5 Nb7 25. c4 Nc7 26. Bxc6 Ne8 27. Be4 Nexd6 28. exd6 Rb8 29. axb6 axb6 30. Bxh7+ Kf8 31. Be4 Nxd6 32. Ra7 Qc5 33. Bg2 b5 34. Rea1 Kg8 35. R7a5 Qb4 36. c5 Nf5 37. c6 Nd4 38. Qe4 Qc3 39. Ra7 Rbc8 40. R1a6 Qc5 41. Rd7 b4 42. Kh2 e5 43. f4 Nxb3 44. Qf5 Rf8 45. Rxf7 Nd2 46. Rxf8+ Rxf8 47. Qxe5 Qf2 48. Qd5+ Kh8 49. Qh5+ Kg8 50. Qd5+ Kh8 51. Ra1 b3 52. Rd1 b2 53. Rxd2 Qxd2 54. Qxd2 b1Q 55. Qd6 Rc8 56. c7 Qc2 57. Qd8+ 1-0

[Event "EU-ch U14 24th"]
[Site "Batumi"]
[Date "2014.10.21"]
[Round "3"]
[White "Djurhuus, Eivind X"]
[Black "Karelidze, Vakhtang"]
[Result "1-0"]
[WhiteElo "2111"]
[BlackElo "1725"]
[PlyCount "67"]
[EventDate "2014.10.19"]
[EventType "swiss"]
[EventRounds "9"]
[EventCountry "GEO"]
[SourceTitle "EXT 2015"]
[Source "ChessBase"]
[SourceDate "2014.11.20"]
[SourceVersion "1"]
[SourceVersionDate "2014.11.20"]
[SourceQuality "1"]

1. d4 Nf6 2. c4 g6 3. Nc3 d5 4. Nf3 Bg7 5. Qb3 c6 6. e3 0-0 7. Be2 dxc4 8. Bxc4 b5 9. Be2 Be6 10. Qc2 Nbd7 11. 0-0 a5 12. Ng5 Kh8 13. Nxe6 fxe6 14. Ne4 Qb6 15. Nc5 Nxc5 16. dxc5 Qa7 17. e4 e5 18. a4 b4 19. b3 Nd7 20. Be3 h5 21. Rfd1 Kh7 22. f3 Rad8 23. Rd3 Nf6 24. Rad1 Rxd3 25. Rxd3 Bh6 26. Bf2 g5 27. Qc4 Qc7 28. Qe6 h4 29. h3 Rg8 30. Rd1 Rg6 31. Bc4 Nh5 32. Qf5 Bg7 33. Bg8+ Kxg8 34. Qxg6 1-0

[Event "Politiken Cup 36th"]
[Site "Helsingor"]
[Date "2014.07.25"]
[Round "6"]
[White "Djurhuus, Eivind X"]
[Black "Hardlei, Johan"]
[Result "1-0"]
[WhiteElo "2079"]
[BlackElo "1884"]
[PlyCount "33"]
[EventDate "2014.07.21"]
[EventType "swiss"]
[EventRounds "10"]
[EventCountry "DEN"]
[SourceTitle "CBM 161 Extra"]
[Source "ChessBase"]
[SourceDate "2014.08.29"]
[SourceVersion "1"]
[SourceVersionDate "2014.08.29"]
[SourceQuality "1"]

1. Nf3 Nf6 2. c4 e6 3. g3 d5 4. Bg2 c5 5. 0-0 Nc6 6. b3 d4 7. e3 e5 8. exd4 e4 9. Ng5 Bg4 10. Qe1 Nxd4 11. Nxe4 Ne2+ 12. Kh1 Nxe4 13. Bxe4 Qd4 14. f3 Be6 15. Qxe2 Qxa1 16. Nc3 0-0-0 17. Ba3 1-0

[Event "Politiken Cup 36th"]
[Site "Helsingor"]
[Date "2014.07.22"]
[Round "3"]
[White "Neffe, Axel"]
[Black "Djurhuus, Eivind X"]
[Result "1-0"]
[WhiteElo "2252"]
[BlackElo "2079"]
[PlyCount "49"]
[EventDate "2014.07.21"]
[EventType "swiss"]
[EventRounds "10"]
[EventCountry "DEN"]
[SourceTitle "CBM 161 Extra"]
[Source "ChessBase"]
[SourceDate "2014.08.29"]
[SourceVersion "1"]
[SourceVersionDate "2014.08.29"]
[SourceQuality "1"]

1. e4 e6 2. d4 d5 3. Nc3 Nf6 4. Bg5 Bb4 5. e5 h6 6. Bc1 Ne4 7. Qg4 g6 8. Nge2 c5 9. a3 Bxc3+ 10. bxc3 cxd4 11. cxd4 Qc7 12. f3 Nc3 13. Bd2 Na4 14. h4 Bd7 15. Rc1 Nb2 16. h5 g5 17. f4 Qxc2 18. Rxc2 Nd3+ 19. Kd1 Nf2+ 20. Ke1 Nd3+ 21. Kd1 Nf2+ 22. Kc1 Nxg4 23. fxg5 Nf2 24. Rh4 Ba4 25. Rc8+ 1-0

[Event "Politiken Cup 36th"]
[Site "Helsingor"]
[Date "2014.07.21"]
[Round "1"]
[White "Merkesvik, Frode"]
[Black "Djurhuus, Eivind X"]
[Result "0-1"]
[WhiteElo "1633"]
[BlackElo "2079"]
[PlyCount "74"]
[EventDate "2014.07.21"]
[EventType "swiss"]
[EventRounds "10"]
[EventCountry "DEN"]
[SourceTitle "CBM 161 Extra"]
[Source "ChessBase"]
[SourceDate "2014.08.29"]
[SourceVersion "1"]
[SourceVersionDate "2014.08.29"]
[SourceQuality "1"]

1. e4 e6 2. d4 d5 3. exd5 exd5 4. Nf3 Nc6 5. Bf4 Bg4 6. Be2 Bd6 7. Bxd6 Qxd6 8. c3 Nge7 9. Nbd2 f6 10. h3 Bh5 11. Nh2 Bxe2 12. Qxe2 0-0-0 13. 0-0-0 h5 14. Nhf1 g5 15. Ne3 f5 16. Rhe1 Kb8 17. Qd3 f4 18. Nf5 Qg6 19. g4 fxg3 20. fxg3 Qxf5 21. Qxf5 Nxf5 22. g4 hxg4 23. hxg4 Nd6 24. Nf3 Ne4 25. c4 Nf2 26. Rd2 Nxg4 27. Nxg5 Rhg8 28. cxd5 Rxd5 29. Ne6 b6 30. Re4 Nh6 31. Rh4 Nf5 32. Rh7 Nfxd4 33. Nxc7 Rg1+ 34. Rd1 Ne2+ 35. Kc2 Rdxd1 36. Na6+ Kc8 37. Rc7+ Kd8 0-1